Tarbut ṿe-omanut be-Tel-Aviv - Yafo.
Saved in:
| Corporate Author: | |
|---|---|
| Format: | Book |
| Language: | Hebrew |
| Published: |
Tel-Aviv :
ʻIriyat Tel-Aviv-Yafo,
1969.
|
| Subjects: | |
| Tags: |
Add Tag
No Tags, Be the first to tag this record!
|
| LEADER | 00505nam a22001817u 4500 | ||
|---|---|---|---|
| 001 | 008681237-8 | ||
| 005 | 20020606104010.5 | ||
| 008 | 010711s1969 is |||||||heb|d | ||
| 035 | 0 | |a ocm82445175 | |
| 245 | 0 | 0 | |a Tarbut ṿe-omanut be-Tel-Aviv - Yafo. |
| 260 | |a Tel-Aviv : |b ʻIriyat Tel-Aviv-Yafo, |c 1969. | ||
| 300 | |a 13 p. | ||
| 500 | |a "Bi-shenat 60 le-Tel-Aviv" | ||
| 651 | 0 | |a Tel Aviv (Israel) |x Anniversaries, etc. | |
| 710 | 1 | |a Tel Aviv (Israel) | |
| 752 | |a Israel |d Tel Aviv | ||
| 988 | |a 20020608 | ||
| 906 | |0 MH | ||


